MLB World Series Winning Managers - Statistics

General Stats
  • This quiz has been taken 48 times
    38 since last reset
  • The average score is 48 of 120
Answer Stats
Year Team Manager % Correct
2024 Dodgers Dave Roberts
92%
2020 Dodgers Dave Roberts
88%
2022 Astros Dusty Baker
88%
2017 Astros A.J. Hinch
84%
2023 Rangers Bruce Bochy
84%
2000 Yankees Joe Torre
84%
1999 Yankees Joe Torre
84%
1998 Yankees Joe Torre
84%
1996 Yankees Joe Torre
84%
2018 Red Sox Alex Cora
80%
2014 Giants Bruce Bochy
80%
2012 Giants Bruce Bochy
80%
2010 Giants Bruce Bochy
80%
2011 Cardinals Tony La Russa
80%
2006 Cardinals Tony La Russa
80%
2009 Yankees Joe Girardi
76%
2016 Cubs Joe Maddon
76%
2015 Royals Ned Yost
76%
2007 Red Sox Terry Francona
76%
2004 Red Sox Terry Francona
76%
1995 Braves Bobby Cox
72%
2021 Braves Brian Snitker
72%
2019 Nationals Dave Martinez
68%
2005 White Sox Ozzie Guillén
68%
1988 Dodgers Tommy Lasorda
68%
1981 Dodgers Tommy Lasorda
68%
1977 Yankees Billy Martin
64%
2013 Red Sox John Farrell
64%
2002 Angels Mike Scioscia
64%
2008 Phillies Charlie Manuel
60%
1989 Athletics Tony La Russa
60%
1993 Blue Jays Cito Gaston
56%
1992 Blue Jays Cito Gaston
56%
1997 Marlins Jim Leyland
56%
1986 Mets Davey Johnson
52%
1990 Reds Lou Piniella
52%
1984 Tigers Sparky Anderson
52%
1976 Reds Sparky Anderson
52%
1975 Reds Sparky Anderson
52%
2001 D-backs Bob Brenly
48%
1970 Orioles Earl Weaver
48%
1991 Twins Tom Kelly
48%
1982 Cardinals Whitey Herzog
48%
1987 Twins Tom Kelly
44%
1953 Yankees Casey Stengel
40%
1952 Yankees Casey Stengel
40%
1951 Yankees Casey Stengel
40%
1950 Yankees Casey Stengel
40%
1949 Yankees Casey Stengel
40%
1930 Athletics Connie Mack
40%
1929 Athletics Connie Mack
40%
1985 Royals Dick Howser
40%
2003 Marlins Jack McKeon
40%
1958 Yankees Casey Stengel
36%
1956 Yankees Casey Stengel
36%
1973 Athletics Dick Williams
36%
1972 Athletics Dick Williams
36%
1928 Yankees Miller Huggins
36%
1927 Yankees Miller Huggins
36%
1955 Dodgers Walter Alston
36%
1980 Phillies Dallas Green
32%
1943 Yankees Joe McCarthy
32%
1941 Yankees Joe McCarthy
32%
1939 Yankees Joe McCarthy
32%
1938 Yankees Joe McCarthy
32%
1937 Yankees Joe McCarthy
32%
1936 Yankees Joe McCarthy
32%
1954 Giants Leo Durocher
32%
1923 Yankees Miller Huggins
32%
1965 Dodgers Walter Alston
32%
1963 Dodgers Walter Alston
32%
1959 Dodgers Walter Alston
32%
1978 Yankees Bob Lemon
28%
1913 Athletics Connie Mack
28%
1911 Athletics Connie Mack
28%
1910 Athletics Connie Mack
28%
1969 Mets Gil Hodges
28%
1983 Orioles Joe Altobelli
28%
1932 Yankees Joe McCarthy
28%
1948 Indians Lou Boudreau
28%
1962 Yankees Ralph Houk
28%
1961 Yankees Ralph Houk
28%
1979 Pirates Chuck Tanner
24%
1971 Pirates Danny Murtaugh
24%
1968 Tigers Edward Smith
24%
1922 Giants John McGraw
24%
1921 Giants John McGraw
24%
1967 Cardinals Red Schoendienst
24%
1974 Athletics Alvin Dark
20%
1940 Reds Bill McKechnie
20%
1933 Giants Bill Terry
20%
1944 Cardinals Billy Southworth
20%
1924 Senators Bucky Harris
20%
1960 Pirates Danny Murtaugh
20%
1934 Cardinals Frank Frisch
20%
1966 Orioles Hank Bauer
20%
1964 Cardinals Johnny Keane
20%
1926 Cardinals Rogers Hornsby
20%
1942 Cardinals Billy Southworth
16%
1909 Pirates Fred Clarke
16%
1905 Giants John McGraw
16%
1935 Tigers Mickey Cochrane
16%
1947 Yankees Bucky Harris
12%
1918 Red Sox Ed Barrow
12%
1908 Cubs Frank Chance
12%
1907 Cubs Frank Chance
12%
1957 Braves Fred Haney
12%
1914 Braves George Stallings
12%
1920 Indians Tris Speaker
12%
1925 Pirates Bill McKechnie
8%
1917 White Sox Clarence Rowland
8%
1946 Cardinals Eddie Dyer
8%
1903 Americans Jimmy Collins
8%
1916 Red Sox Bill Carrigan
4%
1915 Red Sox Bill Carrigan
4%
1906 White Sox Fielder Jones
4%
1931 Cardinals Gabby Street
4%
1912 Red Sox Jake Stahl
4%
1919 Reds Pat Moran
0%
1945 Tigers Steve O'Neill
0%
No matching quizzes found
Score Distribution
Percent of People with Each Score
Percentile by Number Answered
Your Score History
You have not taken this quiz since the last reset